| 000 | 01180cam a2200313 i 4500 | ||
|---|---|---|---|
| 001 | 11936064 | ||
| 003 | EG-ScBUE | ||
| 005 | 20260119094633.0 | ||
| 008 | 000309s2001 nyua f b 001 0 eng d | ||
| 020 | _a0195134516 (alk. paper) | ||
| 020 | _a9780195134513 | ||
| 040 |
_aDLC _beng _erda _cDLC _dDLC _dEG-ScBUE |
||
| 082 | 0 | 4 |
_a551.50287 _222 _bBRO |
| 100 | 1 |
_aBrock, Fred V., _eauthor. _94680 |
|
| 245 | 1 | 0 |
_aMeteorological measurement systems / _cFred V. Brock and Scott J. Richardson. |
| 264 | 1 |
_aNew York : _bOxford University Press, _c2001. |
|
| 300 |
_axi, 290 pages : _billustrations ; _c24 cm |
||
| 336 |
_2rdacontent _atext _btxt |
||
| 337 |
_aunmediated _2rdamedia _bn |
||
| 338 |
_avolume _bnc _2rdacarrier |
||
| 504 | _aIncludes bibliographical references and index. | ||
| 650 | 7 |
_aMeteorological instruments. _2BUEsh _94681 |
|
| 650 | 7 |
_aMeteorology. _2BUEsh _94682 |
|
| 655 | _vReading book | ||
| 700 | 1 |
_aRichardson, Scott J., _eauthor. _94683 |
|
| 856 | 4 | 2 |
_3Publisher description _uhttp://www.loc.gov/catdir/enhancements/fy0610/00028551-d.html |
| 856 | 4 | 1 |
_3Table of contents only _uhttp://www.loc.gov/catdir/enhancements/fy0610/00028551-t.html |
| 942 |
_2ddc _cBB |
||
| 999 |
_c10351 _d10351 |
||